Ecología y formación ambiental (Registro nro. 4883)

Detalles MARC
000 -LEADER
fixed length control field 01055 a2200241 4500
001 - CONTROL NUMBER
control field 49788
005 - DATE AND TIME OF LATEST TRANSACTION
control field 20260407155759.0
008 - FIXED-LENGTH DATA ELEMENTS--GENERAL INFORMATION
fixed length control field 260407a1993 arg spa d
003 - CONTROL NUMBER IDENTIFIER
control field AR-UNSa-BCEJYS
040 ## - CATALOGING SOURCE
Original cataloging agency AR-UNSa-BCEJYS
Language of cataloging spa
Transcribing agency AR-UNSa-BCEJYS
080 ## - UNIVERSAL DECIMAL CLASSIFICATION NUMBER
Universal Decimal Classification number 574
Common auxiliary subdivision Ecología general y biodiversidad. Biocenología. Hidrobiología. Biogeografía
020 ## - INTERNATIONAL STANDARD BOOK NUMBER
International Standard Book Number 970-10-0230-X
041 ## - LANGUAGE CODE
Language code of text/sound track or separate title spa
100 1# - MAIN ENTRY--PERSONAL NAME
Personal name Vásquez Torre, Guadalupe Ana María
245 10 - TITLE STATEMENT
Title Ecología y formación ambiental
264 #1 - PRODUCTION, PUBLICATION, DISTRIBUTION, MANUFACTURE, AND COPYRIGHT NOTICE
Place of production, publication, distribution, manufacture México :
Name of producer, publisher, distributor, manufacturer McGraw-Hill
Date of production, publication, distribution, manufacture, or copyright notice 1993
300 ## - PHYSICAL DESCRIPTION
Extent xii, 303 p.
Dimensions 23 cm.
505 ## - FORMATTED CONTENTS NOTE
Formatted contents note 1. Generalidades acerca de la ecología. Definición del término ecología - 2. La energía en los ecosistemas - 3. Los ciclos ecológicos - 4. Ecología de poblaciones - 5. Ecosistemas - 6. Recursos naturales - 7. Educación y formación ambiental.
590 ## - LOCAL NOTE (RLIN)
Local note niveau_biblio:m niveau_hierar:0
700 1# - ADDED ENTRY--PERSONAL NAME
Personal name Valderrama, Margarita Cruz
856 41 - ELECTRONIC LOCATION AND ACCESS
Uniform Resource Identifier <a href="https://www.biblioeco.unsa.edu.ar/pmb/images/libros/L128181.jpg">https://www.biblioeco.unsa.edu.ar/pmb/images/libros/L128181.jpg</a>
Link text Imagen de portada
Electronic format type image/jpeg
942 ## - ADDED ENTRY ELEMENTS (KOHA)
Koha item type
Existencias
Withdrawn status Lost status Damaged status Not for loan Home library Current library Shelving location Date acquired Total checkouts Full call number Barcode Date last seen Price effective from Koha item type
        Biblioteca Prof. Eusebio Cleto del Rey Biblioteca Prof. Eusebio Cleto del Rey   07/04/2026   574 V335 L128181 07/04/2026 07/04/2026 Libro